Maine Gandhi Ko Nahi Mara (Record no. 34401)
[ view plain ]
| 000 -LEADER | |
|---|---|
| fixed length control field | 03223nam a22004697a 4500 |
| 003 - CONTROL NUMBER IDENTIFIER | |
| control field | dpl |
| 005 - DATE AND TIME OF LATEST TRANSACTION | |
| control field | 20100304143352.0 |
| 007 - PHYSICAL DESCRIPTION FIXED FIELD--GENERAL INFORMATION | |
| fixed length control field | DVD |
| 008 - FIXED-LENGTH DATA ELEMENTS--GENERAL INFORMATION | |
| fixed length control field | 080925t xxu||||| |||| 00| 0 eng d |
| 010 ## - LIBRARY OF CONGRESS CONTROL NUMBER | |
| LC control number | DVD-005935-5942 & DVD-006377 |
| 024 ## - OTHER STANDARD IDENTIFIER | |
| Standard number or code | YRD 60170 |
| Terms of availability | 149.00 |
| 035 ## - SYSTEM CONTROL NUMBER | |
| System control number | DVD-000672-674 |
| 035 ## - SYSTEM CONTROL NUMBER | |
| System control number | DVD-000672-674 |
| 035 ## - SYSTEM CONTROL NUMBER | |
| System control number | DVD-006377 |
| 040 ## - CATALOGING SOURCE | |
| Original cataloging agency | DVD |
| Transcribing agency | DPL |
| 082 ## - DEWEY DECIMAL CLASSIFICATION NUMBER | |
| Classification number | DVD MAIN |
| 245 ## - TITLE STATEMENT | |
| Title | Maine Gandhi Ko Nahi Mara |
| Statement of responsibility, etc | Anup P Kher Presents |
| Medium | [videorecording] DVD/ |
| 260 ## - PUBLICATION, DISTRIBUTION, ETC. (IMPRINT) | |
| Place of publication, distribution, etc | Mumbai |
| Name of publisher, distributor, etc | Yash Raj Films Pvt. Ltd., |
| 300 ## - PHYSICAL DESCRIPTION | |
| Extent | 1 Videodisc DVD; |
| Other physical details | sd., col.; |
| Dimensions | 4 3/4 in. |
| Type of unit | DVD |
| 440 ## - SERIES STATEMENT/ADDED ENTRY--TITLE | |
| Title | Yash Raj Films |
| 500 ## - GENERAL NOTE | |
| General note | The Most Critically Acclaimed Film |
| 538 ## - SYSTEM DETAILS NOTE | |
| System details note | Anamorphic Widescreen Presentation 16.9; Aspect Ratio 2.35:1; Optional Subtitles in 7 languages;Int. English/Arabic/Spanish/Dutch/Portugese Ind: Tamil/Malaylam ; Dolby Digital Sound, 5.1; Optional Stereo Soun d |
| 650 ## - SUBJECT ADDED ENTRY--TOPICAL TERM | |
| Topical term or geographic name as entry element | Motion Picture |
| 700 ## - ADDED ENTRY--PERSONAL NAME | |
| Personal name | Kher, Anupam |
| 700 ## - ADDED ENTRY--PERSONAL NAME | |
| Personal name | Barua, Jahnu |
| 700 ## - ADDED ENTRY--PERSONAL NAME | |
| Personal name | Lahiri, Bappi |
| 700 ## - ADDED ENTRY--PERSONAL NAME | |
| Personal name | Rakesh Ranjan |
| 700 ## - ADDED ENTRY--PERSONAL NAME | |
| Personal name | Matondkar, Urmila |
| 700 ## - ADDED ENTRY--PERSONAL NAME | |
| Personal name | Dabas, Praveen |
| 942 ## - ADDED ENTRY ELEMENTS (KOHA) | |
| Source of classification or shelving scheme | Dewey Decimal Classification |
| Koha item type | CD-ROMs, DVDs, VHS |
| Classification part | DVD |
| Call number suffix | MAIN |
| Withdrawn status | Lost status | Source of classification or shelving scheme | Damaged status | Not for loan | Home library | Current library | Date acquired | Source of acquisition | Cost, normal purchase price | Total Checkouts | Total Renewals | Full call number | Barcode | Date last seen | Date checked out | Copy number | Cost, replacement price | Price effective from | Koha item type | Checked out |
|---|---|---|---|---|---|---|---|---|---|---|---|---|---|---|---|---|---|---|---|---|
| Dewey Decimal Classification | Central Library | Central Library | 04/03/2010 | Pioneers/1003/28-11-09/325/13-10-09 /30-11-09 | 149.00 | 41 | 1 | DVD MAIN | DVD-005935 | 29/03/2016 | 28/03/2016 | 1 | 149.00 | 04/03/2010 | CD-ROMs, DVDs, VHS | |||||
| Dewey Decimal Classification | Janak Puri | Janak Puri | 11/03/2010 | Pioneers/1099/25-12-09/325/13-10-09 /30-12-09 | 149.00 | 2 | DVD MAIN | DVD-006377 | 18/12/2012 | 12/06/2010 | 1 | 149.00 | 11/03/2010 | CD-ROMs, DVDs, VHS | ||||||
| Dewey Decimal Classification | Karol Bagh | Karol Bagh | 04/03/2010 | Pioneers/1003/28-11-09/325/13-10-09 /30-11-09 | 149.00 | 24 | DVD MAIN | DVD-005940 | 29/06/2014 | 28/06/2014 | 1 | 149.00 | 04/03/2010 | CD-ROMs, DVDs, VHS | ||||||
| Dewey Decimal Classification | Narela | Narela | 04/03/2010 | Pioneers/1003/28-11-09/325/13-10-09 /30-11-09 | 149.00 | 6 | 1 | DVD MAIN | DVD-005941 | 02/11/2013 | 09/09/2013 | 1 | 149.00 | 04/03/2010 | CD-ROMs, DVDs, VHS | |||||
| Dewey Decimal Classification | Patel Nagar | Patel Nagar | 04/03/2010 | Pioneers/1003/28-11-09/325/13-10-09 /30-11-09 | 149.00 | 14 | DVD MAIN | DVD-005936 | 06/05/2014 | 01/05/2014 | 1 | 149.00 | 04/03/2010 | CD-ROMs, DVDs, VHS | ||||||
| Dewey Decimal Classification | R.K.Puram-8 | R.K.Puram-8 | 04/03/2010 | Pioneers/1003/28-11-09/325/13-10-09 /30-11-09 | 149.00 | 5 | 2 | DVD MAIN | DVD-005938 | 22/02/2014 | 10/02/2014 | 1 | 149.00 | 04/03/2010 | CD-ROMs, DVDs, VHS | |||||
| Dewey Decimal Classification | Sarojini Nagar | Sarojini Nagar | 04/03/2010 | Pioneers/1003/28-11-09/325/13-10-09 /30-11-09 | 149.00 | 23 | DVD MAIN | DVD-005937 | 18/07/2014 | 18/07/2014 | 1 | 149.00 | 04/03/2010 | CD-ROMs, DVDs, VHS | 01/08/2014 | |||||
| Dewey Decimal Classification | Shahdara Branch | Shahdara Branch | 04/03/2010 | Pioneers/1003/28-11-09/325/13-10-09 /30-11-09 | 149.00 | DVD MAIN | DVD-005942 | 04/03/2010 | 1 | 149.00 | 04/03/2010 | CD-ROMs, DVDs, VHS | ||||||||
| Dewey Decimal Classification | Vinoba Puri | Vinoba Puri | 04/03/2010 | Pioneers/1003/28-11-09/325/13-10-09 /30-11-09 | 149.00 | 5 | DVD MAIN | DVD-005939 | 28/05/2014 | 14/05/2011 | 1 | 149.00 | 04/03/2010 | CD-ROMs, DVDs, VHS |
